Yoga Concordance Vol 111 (Record no. 9550)

MARC details
000 -LEADER
fixed length control field 00301nam a2200121Ia 4500
008 - FIXED-LENGTH DATA ELEMENTS--GENERAL INFORMATION
fixed length control field 211105s9999 xx 000 0 und d
020 ## - INTERNATIONAL STANDARD BOOK NUMBER
International Standard Book Number VYASA16273
100 ## - MAIN ENTRY--PERSONAL NAME
Personal name Maheshanandaji Swami
245 #0 - TITLE STATEMENT
Title Yoga Concordance Vol 111
250 ## - EDITION STATEMENT
Edition statement \N
260 ## - PUBLICATION, DISTRIBUTION, ETC.
Name of publisher, distributor, etc. Kaivalyadhama S.M.Y.M.Samiti
Date of publication, distribution, etc. \N
300 ## - PHYSICAL DESCRIPTION
Extent 583p.
Holdings
Withdrawn status Lost status Source of classification or shelving scheme Damaged status Not for loan Collection code Home library Current library Shelving location Date acquired Total Checkouts Barcode Date last seen Price effective from Koha item type
    Dewey Decimal Classification     Reference SVYASA SVYASA REF1.1C 03/08/2010   13315 11/09/2021 11/09/2021 Books
    Dewey Decimal Classification     Reference SVYASA SVYASA REF1.1C 03/08/2010   13316 11/09/2021 11/09/2021 Books

Powered by Koha